Fast track. Vivienda y Urbanismo.
Salvato in:
| Altri autori: | |
|---|---|
| Natura: | Sconosciuto |
| Lingua: | spagnolo |
| Pubblicazione: |
Santiago, Chile:
Thomson Reuters,
2025.
|
| Edizione: | 1a. edición. |
| Soggetti: | |
| Tags: |
Aggiungi Tag
Nessun Tag, puoi essere il primo ad aggiungerne!!
|
MARC
| LEADER | 00000 a2200000 4500 | ||
|---|---|---|---|
| 003 | CL-VaPUC | ||
| 005 | 20250331155238.0 | ||
| 008 | 250325t2025 ||||| |||| 00| 0 spa d | ||
| 999 | |c 447561 |d 447559 | ||
| 020 | |a 978-956-400-604-8 | ||
| 040 | |c Pontificia Universidad Católica de Valparaíso | ||
| 082 | |2 22 |a 346.83045 ENR 2025 | ||
| 100 | |a Enríquez Arancibia, Pablo |9 891822 |e editor | ||
| 245 | |a Fast track. |b Vivienda y Urbanismo. | ||
| 250 | |a 1a. edición. | ||
| 260 | |a Santiago, Chile: |b Thomson Reuters, |c 2025. | ||
| 300 | |a iv, 369 páginas. | ||
| 583 | |k Yessy Sthefany Diaz Vidal |c 20250325 | ||
| 650 | 0 | |9 522556 |a Ley General de Urbanismo y Construcción |x Ley 21718 |x Modificaciones |y 2024 | |
| 650 | 0 | |9 522556 |a Ley General de Urbanismo y Construcción |x Permisos de construcción |z Chile | |
| 942 | |2 ddc |c BK | ||
| 952 | |0 0 |1 0 |2 ddc |4 0 |6 346_830450000000000_ENR_2025 |7 0 |8 A |9 601756 |a BIBDER |b BIBDER |d 2025-03-21 |e 31 |g 0.00 |i 5666633 |o 346.83045 ENR 2025 |p 5666633 |r 2025-03-21 |t 1 |v 0.00 |w 2025-03-21 |y BK |k DER | ||